Mechanics of Materials (Record no. 16759)

000 -LEADER
fixed length control field 00781nam a2200277 a 4500
003 - CONTROL NUMBER IDENTIFIER
control field PK-NaQUE
005 - DATE AND TIME OF LATEST TRANSACTION
control field 20250729150034.0
008 - FIXED-LENGTH DATA ELEMENTS--GENERAL INFORMATION
fixed length control field 250729b ||||| |||| 00| 0 eng d
020 ## - INTERNATIONAL STANDARD BOOK NUMBER
International Standard Book Number 0133254429 (hardcover)
020 ## - INTERNATIONAL STANDARD BOOK NUMBER
International Standard Book Number 9780133254426 (hardcover)
040 ## - CATALOGING SOURCE
Transcribing agency QUEST
082 ## - DEWEY DECIMAL CLASSIFICATION NUMBER
Classification number 620.112HIB
100 1# - MAIN ENTRY--PERSONAL NAME
Personal name Hibbeler, Russell C.
245 10 - TITLE STATEMENT
Title Mechanics of Materials
250 ## - EDITION STATEMENT
Edition statement 9th ed.
260 ## - PUBLICATION, DISTRIBUTION, ETC. (IMPRINT)
Place of publication, distribution, etc New Delhi :
Name of publisher, distributor, etc Prentice Hall,
Date of publication, distribution, etc 2015.
300 ## - PHYSICAL DESCRIPTION
Extent 876p. ;
490 1# - SERIES STATEMENT
Series statement 9th edition.
650 ## - SUBJECT ADDED ENTRY--TOPICAL TERM
Topical term or geographic name as entry element Strength of materials
650 ## - SUBJECT ADDED ENTRY--TOPICAL TERM
Topical term or geographic name as entry element Structural analysis (Engineering)
650 ## - SUBJECT ADDED ENTRY--TOPICAL TERM
Topical term or geographic name as entry element Materials
650 ## - SUBJECT ADDED ENTRY--TOPICAL TERM
Topical term or geographic name as entry element Mechanics, Applied
650 ## - SUBJECT ADDED ENTRY--TOPICAL TERM
Topical term or geographic name as entry element Materials science
856 ## - ELECTRONIC LOCATION AND ACCESS
Uniform Resource Identifier http://10.10.170.122:8080/browse/book/11135
Link text Download eBook
942 ## - ADDED ENTRY ELEMENTS (KOHA)
Koha item type Books
Source of classification or shelving scheme
Holdings
Withdrawn status Lost status Damaged status Not for loan Permanent Location Current Location Date acquired Cost, normal purchase price Full call number Barcode Date last seen Koha item type Source of classification or shelving scheme Shelving location Price effective from
        Central Library, QUEST, Nawabshah Central Library, QUEST, Nawabshah 2015-11-02 1541.00 620.112HIB 53091 2023-12-08 Books     2023-12-08
        Library for Girls Library for Girls 2015-11-02 1541.00 620.112HIB 53090 2023-12-08 Books      
        Library for Girls Library for Girls 2015-11-02 1541.00 620.112HIB 53092 2023-12-08 Books      
        Reference Section Reference Section 2020-11-17 1952.00 620.112HIB (Shelf - 40C) 58210 2020-11-17 Books      
        Reference Section Reference Section 2020-11-17 1952.00 620.112HIB (Shelf - 40C) 58211 2020-11-17 Books      
        Reference Section Reference Section 2020-11-17 1952.00 620.112HIB (Shelf - 40C) 58212 2020-11-17 Books   Reference 2020-11-17
        Reference Section Reference Section 2020-11-17 1952.00 620.112HIB (Shelf - 40C) 58213 2020-11-17 Books   Reference 2020-11-17
        Reference Section Reference Section 2020-11-17 1952.00 620.112HIB (Shelf - 40C) 58214 2020-11-17 Books   Reference 2020-11-17
        Seminar Library, Mechanical Engg. Seminar Library, Mechanical Engg. 2016-07-22 1524.00 620.112HIB 54621 2016-07-22 Books      

Copyright © 2018,The QUEST, Nawabshah, Shaheed Benazirabad. All rights reserved
Mr. G. Farooq Channar (Librarian) QUEST, Nawabshah, Sindh, Pakistan 67480.
 Ph#: |   0244-9370381-4 Ext. 2308   Email| lib@quest.edu.pk   Web|  http://www.quest.edu.pk